| 000 | 00840nam a2200241 a 4500 | ||
|---|---|---|---|
| 001 | BRCA_2028 | ||
| 005 | 20190320203636.0 | ||
| 008 | 310708s1987----mx-a---###---#000-0#spa-# | ||
| 020 | _a9684060769 | ||
| 050 | 4 |
_aAM23 _b.M35 1987 |
|
| 100 | 1 |
_aMalvido Arriaga, Adriana _96193 |
|
| 245 | 1 | 0 |
_aAtlas cultural de México _bMuseos _cAdriana Malvido Arriaga, Myriam Cerda González. |
| 260 |
_aMéxico _bSEP : INAH : Planeta _c1987 |
||
| 300 |
_a188 p. _bil. a color _c28 cm. |
||
| 440 | 0 |
_aColección Atlas Cultural _n5 _96194 |
|
| 500 | _aContiene información general del Museo Franz Mayer : p. 95 | ||
| 651 | 4 |
_aMéxico _vEnciclopedias _xDescripción y viajes _96195 |
|
| 651 | 4 |
_aMéxico _vAtlas _xMuseos _96196 |
|
| 651 | 4 |
_aMéxico _vAtlas _xCivilización _96197 |
|
| 700 | 1 |
_aCerda González, Myriam _96198 |
|
| 902 | _aREF | ||
| 942 |
_2lcc _cB |
||
| 999 |
_c1794 _d1794 |
||